000 00710nam a22001937a 4500
005 20140616171246.0
010 _aB-505327-330
020 _a9780571288519
_c550.00
035 _aB-505327-330
037 _adpl
_bK.K.Pub/Ven
082 _a032.02
245 _aBig Questions from Little People..answered by some very Big People/
_ccompiled by Gemma Elwin Harris
260 _aLondon
_bFaber and Faber
_c2012
270 _aBloomsbury House,74-77 Great Russell Street
_bLondon
_eWCIB 3DA
300 _a317p.:
_c19cm(Hb)
500 _aincludes index
942 _2ddc
_cEN
_h032.02
_mBIG
999 _c85162
_d85162